ZIPAIR就航空港 - Statistics

General Stats
  • This quiz has been taken 78 times
  • The average score is 7 of 11
Answer Stats
Answer % Correct
成田
82%
ロサンゼルス
76%
サンフランシスコ
67%
ソウル/仁川
65%
シンガポール
65%
ホノルル
63%
バンコク
59%
マニラ
49%
バンクーバー
49%
サンノゼ
45%
シアトル
43%
No matching quizzes found
Score Distribution
Percent of People with Each Score
Percentile by Number Answered
Your Score History
You have not taken this quiz